| 000 | 00607nam a2200217Ia 4500 | ||
|---|---|---|---|
| 008 | 160404s9999 xx 000 0 und d | ||
| 020 | _a971-584-399-9 | ||
| 050 | _aFIL RJ 101 | ||
| 050 | _b.I58 2005 | ||
| 245 | _aIntegrated management of childhood illness : | ||
| 245 | _bstudent workbook / | ||
| 260 | _aQuezon City: | ||
| 260 | _bC & E Pub. Inc., | ||
| 260 | _c2005 | ||
| 300 | _a151 pages : | ||
| 300 | _billustrations ; | ||
| 300 | _c26 cm. | ||
| 650 | _aChild care. | ||
| 650 | _aChildren -- Health and hygiene -- Study and teaching -- Philippines. | ||
| 650 | _xChildren -- Diseases. | ||
| 999 |
_c293124 _d293124 |
||